Blízky východ v medzinárodnej politike (1971 - 1990)
Guardado en:
| Autor principal: | |
|---|---|
| Autor Corporativo: | |
| Otros Autores: | , , |
| Formato: | Libro |
| Lenguaje: | eslovaco |
| Publicado: |
Bratislava
Vydavateľstvo EKONÓM
2011
|
| Materias: | |
| Etiquetas: |
Sin Etiquetas, Sea el primero en etiquetar este registro!
|
MARC
| LEADER | 00000nam a2200000 4500 | ||
|---|---|---|---|
| 001 | 0136664 | ||
| 005 | 20240502072530.2 | ||
| 020 | |a 978-80-225-3227-3 | ||
| 041 | 0 | |a slo | |
| 044 | |a SK | ||
| 245 | 1 | 0 | |a Blízky východ v medzinárodnej politike (1971 - 1990) |c Karol R. Sorby a Karol Sorby ml. |
| 264 | 1 | |a Bratislava |b Vydavateľstvo EKONÓM |c 2011 | |
| 300 | |a 259 s. [18,773 AH] | ||
| 610 | 2 | 0 | |a politika medzinárodná |
| 610 | 2 | 0 | |a vzťahy medzinárodné |
| 610 | 2 | 0 | |a vzťahy politické medzinárodné |
| 610 | 2 | 0 | |a Blízky východ |
| 610 | 2 | 0 | |a islam |
| 610 | 2 | 0 | |a Sýria |
| 610 | 2 | 0 | |a Libanon |
| 610 | 2 | 0 | |a Jordánsko |
| 610 | 2 | 0 | |a Irak |
| 610 | 2 | 0 | |a Egypt |
| 610 | 2 | 0 | |a Saudská Arábia |
| 100 | 1 | |a Sorby, Karol R. | |
| 700 | 1 | |a Sorby, Karol, ml. | |
| 700 | 1 | |a Drozdík, Ladislav | |
| 700 | 1 | |a Škvrnda, František | |
| 710 | 2 | |a Ekonomická univerzita v Bratislave. Fakulta medzinárodných vzťahov | |